[Event "51st World Juniors"]
[Site "Athens GRE"]
[Date "2012.08.03"]
[Round "2.48"]
[White "Torres, Juan Camilo"]
[Black "Kourkoulos-Arditis, Stamatis"]
[Result "1-0"]
[WhiteElo "2291"]
[BlackElo "2109"]
[WhiteFideId "4405790"]
[BlackFideId "4221990"]
[EventDate "2012.08.02"]

1. d4 Nf6 2. c4 e6 3. Nf3 b6 4. g3 Ba6 5. Qc2 Bb7 6. Bg2 c5 7. d5 exd5 8. cxd5
Nxd5 9. O-O Nc6 10. Rd1 Be7 11. Qf5 Nf6 12. e4 g6 13. Qf4 Nh5 14. Qh6 Bf8 15.
Qd2 Bg7 16. Nc3 O-O 17. Qxd7 Na5 18. Qa4 Qe8 19. Qc2 Nc6 20. Nd5 Rc8 21. a3 Ne7
22. Bg5 f6 23. Be3 f5 24. Bg5 Nxd5 25. exd5 Qe4 26. Qd2 h6 27. Nh4 Qd4 28. Bxh6
Qxd2 29. Bxd2 Kh7 30. Bc3 Rcd8 31. Rd2 Bh6 32. f4 Nf6 33. Re1 Rfe8 34. Rxe8 Nxe8
35. Re2 Ng7 36. Re5 Rd7 37. Bf3 b5 38. Ng2 Kg8 39. Ne3 Kf7 40. Kf2 a6 41. h4 Rd6
42. h5 Bc8 43. hxg6+ Rxg6 44. Bd1 Rd6 45. Bc2 Rf6 46. d6 Rxd6 47. Rxc5 Bd7 48.
Nxf5 Nxf5 49. Bxf5 Bxf5 50. Rxf5+ Kg6 51. g4 Rc6 52. Kf3 Rd6 53. Ke4 Rc6 54. Rd5
Bf8 55. Rg5+ Kf7 56. Rf5+ Kg8 57. Rf6 Rc4+ 58. Kf5 Bxa3 59. Rxa6 Rc5+ 60. Kg6 1-0

[Event "51st World Juniors"]
[Site "Athens GRE"]
[Date "2012.08.03"]
[Round "2.49"]
[White "Nishant, Malhotra"]
[Black "Hernandez Sanchez, Jairo Andres"]
[Result "1-0"]
[BlackTitle "FM"]
[WhiteElo "2076"]
[BlackElo "2288"]
[WhiteFideId "5099129"]
[BlackFideId "4404017"]
[EventDate "2012.08.02"]

1. d4 Nf6 2. c4 e6 3. Nc3 Bb4 4. f3 d5 5. a3 Bxc3+ 6. bxc3 O-O 7. cxd5 exd5 8.
e3 Re8 9. Bd3 b6 10. Ne2 Ba6 11. Bxa6 Nxa6 12. Qd3 Nb8 13. O-O c5 14. Ng3 Nc6
15. Bb2 Rc8 16. Rae1 Nd7 17. e4 dxe4 18. fxe4 Nde5 19. Qd1 Ng6 20. e5 Na5 21.
Qg4 cxd4 22. cxd4 Rc2 23. Bc1 Qd5 24. Nf5 h5 25. Qg5 Re6 26. Ne3 Qxd4 27. Rd1
Qc5 28. Rd5 Rxc1 29. Rxc5 Rxc5 30. Qxh5 Rcxe5 31. Nf5 Nc4 32. Qd1 b5 33. h4 Ne7
34. Qd8+ Kh7 35. Ng3 Rg6 36. Rxf7 Nc6 37. Qd3 Re3 38. Rxg7+ Kxg7 39. Nf5+ Kh8
40. Nxe3 N6e5 41. Qd8+ Rg8 42. Qf6+ Rg7 43. Nf5 1-0

[Event "51st World Juniors"]
[Site "Athens GRE"]
[Date "2012.08.03"]
[Round "2.50"]
[White "Leiva, Giuseppe"]
[Black "Vandevenne, Sander"]
[Result "1-0"]
[WhiteTitle "FM"]
[WhiteElo "2283"]
[BlackElo "2083"]
[WhiteFideId "3804399"]
[BlackFideId "223000"]
[EventDate "2012.08.02"]

1. c4 e6 2. Nf3 Nf6 3. g3 b6 4. Bg2 Bb7 5. O-O c5 6. Nc3 Be7 7. d3 O-O 8. e4 Nc6
9. d4 cxd4 10. Nxd4 d6 11. e5 Nxd4 12. exf6 Bxf6 13. Bxb7 Rb8 14. Bg2 Qc7 15. b3
d5 16. Bf4 Qc5 17. Bxb8 Rxb8 18. Rc1 dxc4 1-0

[Event "51st World Juniors"]
[Site "Athens GRE"]
[Date "2012.08.03"]
[Round "2.51"]
[White "Nuri, Kambez"]
[Black "Du Plessis, Heinco"]
[Result "1-0"]
[WhiteTitle "FM"]
[WhiteElo "2274"]
[BlackElo "2075"]
[WhiteFideId "1311433"]
[BlackFideId "14306263"]
[EventDate "2012.08.02"]

1. e4 c6 2. d4 d5 3. exd5 cxd5 4. Bd3 Nc6 5. c3 g6 6. Bf4 Bh6 7. Qd2 Bxf4 8.
Qxf4 Qb6 9. b3 Nf6 10. Ne2 Bd7 11. Nd2 O-O-O 12. Nf3 Qc7 13. Ne5 Nxe5 14. dxe5
Ng4 15. Qd4 Nxe5 16. O-O Kb8 17. Rfd1 Nxd3 18. Qxd3 Bc6 19. a4 e5 20. b4 b6 21.
a5 Bb7 22. axb6 axb6 23. Ra3 f5 24. f4 exf4 25. Nd4 Rhe8 26. Qc2 Re3 27. Qf2
Rde8 28. Rf1 R8e4 29. Qa2 Qc4 30. Qa1 h5 31. b5 h4 32. Ra7 Qc8 33. Qa3 Kc7 34.
Qa1 Kd8 35. Nc6+ Bxc6 36. bxc6 Qxc6 37. Ra8+ Kd7 38. Rb8 Ra4 39. Qb2 Kc7 40. Rg8
Re7 41. c4 Rxc4 42. Qh8 Qe6 43. Rb8 Qe3+ 44. Kh1 Rd7 45. Qc8+ Kd6 46. Qf8+ Qe7
47. Rxb6+ Kc5 48. Qb8 Rc7 49. Rd1 d4 50. Rb5+ Kd6 51. Qb6+ R7c6 52. Rxd4+ Rxd4
53. Qxd4+ Kc7 54. Qa7+ Kd6 55. Qa3+ Ke6 56. Re5+ Kxe5 57. Qxe7+ Re6 58. Qxh4 Kd5
59. Kg1 Ke5 60. Kf2 Rd6 61. Qe7+ Re6 62. Qc7+ Ke4 63. h4 Kd5 64. Qxf4 Re4 65.
Qg5 Rg4 66. Qxg4 fxg4 67. Kg3 Ke5 68. Kxg4 Kf6 69. g3 Kg7 70. Kg5 Kf7 71. Kh6
Kf6 72. g4 1-0

[Event "51st World Juniors"]
[Site "Athens GRE"]
[Date "2012.08.03"]
[Round "2.52"]
[White "Carbone, Diego"]
[Black "Minko, Vladimir"]
[Result "0-1"]
[WhiteElo "2069"]
[BlackElo "2257"]
[WhiteFideId "3002179"]
[BlackFideId "24146706"]
[EventDate "2012.08.02"]

1. d4 Nf6 2. c4 c5 3. d5 e6 4. Nc3 exd5 5. cxd5 Bd6 6. g3 O-O 7. Bg2 Bc7 8. Nf3
d6 9. Nd2 a6 10. a4 Nbd7 11. Nc4 Qe7 12. h3 Ne5 13. Nxe5 Qxe5 14. O-O Ba5 15.
Bf4 Qe7 16. e4 Nd7 17. Qh5 Bxc3 18. bxc3 f6 19. Rfe1 Rb8 20. a5 b5 21. axb6 Rxb6
22. Reb1 Rxb1+ 23. Rxb1 Ne5 24. Bxe5 fxe5 25. Qe2 Qc7 26. Qb2 Qf7 27. Qe2 Qf6
28. Qe3 Bd7 29. Ra1 Ra8 30. Bf1 a5 31. Kh2 a4 32. Bc4 Rb8 33. Ra2 Qg6 34. f4 Qh6
35. Bf1 a3 36. Bg2 Rb2 37. Rxb2 axb2 38. Qd3 exf4 0-1

[Event "51st World Juniors"]
[Site "Athens GRE"]
[Date "2012.08.03"]
[Round "2.53"]
[White "Kalogridakis, Georgios"]
[Black "Haarr, Jon Kristian"]
[Result "1-0"]
[WhiteElo "2017"]
[BlackElo "2245"]
[WhiteFideId "4249666"]
[BlackFideId "1505963"]
[EventDate "2012.08.02"]

1. e4 c6 2. c4 e5 3. Nf3 d6 4. d4 Qc7 5. Nc3 Nf6 6. Be2 Nbd7 7. O-O Be7 8. h3
O-O 9. Be3 a6 10. Rc1 Rd8 11. Nd2 Nf8 12. f4 Ne6 13. Nb3 exf4 14. Bd2 g5 15. Nd5
cxd5 16. cxd5 Qd7 17. dxe6 Qxe6 18. Bc4 d5 19. exd5 Qd6 20. Re1 b5 21. Bd3 Bb7
22. Re5 h6 23. Qe2 Re8 24. a3 Bf8 25. Bb4 Rxe5 26. dxe5 Qb6+ 27. Kh2 Nxd5 28.
Bxf8 Rxf8 29. Nc5 Ne3 30. g3 Rc8 31. b4 Qc6 32. gxf4 Kh8 33. Be4 Nd5 34. Rd1 Rd8
35. Nxb7 Qxb7 36. Qg2 Qc7 37. Rxd5 Rg8 38. Rd6 Kg7 39. fxg5 Qe7 40. Qg3 Kf8 41.
g6 Rg7 42. Rxa6 Qc7 43. Qf4 1-0

[Event "51st World Juniors"]
[Site "Athens GRE"]
[Date "2012.08.03"]
[Round "2.54"]
[White "Larmuseau, Maarten"]
[Black "Haria, Ravi"]
[Result "1-0"]
[WhiteElo "2245"]
[BlackElo "2054"]
[WhiteFideId "209988"]
[BlackFideId "415820"]
[EventDate "2012.08.02"]

1. e4 e6 2. d3 d5 3. Qe2 b6 4. g3 Bb7 5. Bg2 Nf6 6. e5 Nfd7 7. c4 Nc6 8. cxd5
Nd4 9. Qd1 Bxd5 10. Bxd5 exd5 11. Be3 Nf5 12. Qf3 Nxe3 13. Qxe3 Bb4+ 14. Kf1 O-O
15. a3 Be7 16. Nd2 c5 17. Ngf3 f6 18. e6 Ne5 19. d4 cxd4 20. Nxd4 Bc5 21. N2b3
Re8 22. Kg2 Qc7 23. Rac1 Nc4 24. Qe2 Bxd4 25. Nxd4 Qe5 26. Qxe5 fxe5 27. Nb5
Rad8 28. b3 Nd2 29. Rcd1 Ne4 30. Nc7 Nc3 31. Rd3 d4 32. Nxe8 Rxe8 33. Re1 Rxe6
34. f4 Nd5 35. Rxe5 Rd6 36. Re4 1-0

[Event "51st World Juniors"]
[Site "Athens GRE"]
[Date "2012.08.03"]
[Round "2.55"]
[White "Zeppos, Panagiotis"]
[Black "Hambleton, Aman"]
[Result "0-1"]
[BlackTitle "FM"]
[WhiteElo "1978"]
[BlackElo "2244"]
[WhiteFideId "4228383"]
[BlackFideId "2606577"]
[EventDate "2012.08.02"]

1. e4 e6 2. d4 d5 3. Nc3 Bb4 4. e5 Ne7 5. Bd2 b6 6. a3 Bxc3 7. Bxc3 Ba6 8. Bxa6
Nxa6 9. Qd3 Nb8 10. Ne2 Qc8 11. O-O Qa6 12. Qd2 Nbc6 13. a4 Nf5 14. b4 Qc4 15.
Rfb1 Nce7 16. a5 Qb5 17. Rb3 O-O 18. Nf4 Nc6 19. Bb2 Rab8 20. Rh3 bxa5 21. Nh5
Qxb4 22. Qg5 f6 23. Nxf6+ Rxf6 24. exf6 Qxb2 25. Rf1 Qxd4 26. g4 h6 27. Qh5 Nd6
28. g5 Ne5 29. gxh6 g6 30. h7+ Kh8 31. Qh6 Nf5 32. Qg5 Qg4+ 33. Qxg4 Nxg4 34.
Ra1 Nxf6 35. Rxa5 Rb7 36. Rha3 Kxh7 37. Rxa7 Rxa7 38. Rxa7 Ne8 39. Ra8 Nfd6 40.
Rd8 Kg7 41. Rd7+ Kf6 42. Kf1 Nf5 43. Rd8 Ke7 44. Ra8 Nd4 45. c3 Nb5 0-1

[Event "51st World Juniors"]
[Site "Athens GRE"]
[Date "2012.08.03"]
[Round "2.56"]
[White "Aravindh, Chithambaram VR."]
[Black "Stepanyan, Henrik"]
[Result "1-0"]
[WhiteTitle "FM"]
[WhiteElo "2240"]
[BlackElo "2022"]
[WhiteFideId "5072786"]
[BlackFideId "401030"]
[EventDate "2012.08.02"]

1. e4 e5 2. Nf3 Nc6 3. Bc4 Bc5 4. c3 Nf6 5. d4 exd4 6. e5 d5 7. Bb5 Ne4 8. cxd4
Bb4+ 9. Bd2 Bxd2+ 10. Nbxd2 O-O 11. h3 Bd7 12. Bxc6 Bxc6 13. O-O Qd7 14. Qb3 Qf5
15. Qe3 Rae8 16. g4 Qg6 17. Nh4 Qg5 18. Qxg5 Nxg5 19. Kh2 Ne6 20. Ndf3 Nf4 21.
Rfd1 f6 22. Rd2 g6 23. Ng2 Ne6 24. Re1 f5 25. Re3 Rf7 26. Nfe1 fxg4 27. hxg4 Kg7
28. Kg3 g5 29. Rf3 Rxf3+ 30. Nxf3 Kg6 31. Ne3 Ng7 32. Ng1 h5 33. f3 h4+ 34. Kf2
Ne6 35. Nh3 Rf8 36. Nf5 Rf7 37. Ke3 Bd7 38. Rh2 Bc8 39. b4 Bd7 40. f4 Nxf4 41.
Nxh4+ gxh4 42. Nxf4+ Kg5 43. Nxd5 Kxg4 44. Nf6+ Kg3 45. Rf2 Be6 46. Ne4+ Kg4 47.
Rg2+ Kh5 48. Nf6+ Kh6 49. d5 Rxf6 50. exf6 Bxd5 51. Rd2 Be6 52. Kf4 1-0

[Event "51st World Juniors"]
[Site "Athens GRE"]
[Date "2012.08.03"]
[Round "2.57"]
[White "Gantar, Jan"]
[Black "Poulopoulos, Ioannis"]
[Result "1-0"]
[WhiteElo "2218"]
[BlackElo "2007"]
[WhiteFideId "14607875"]
[BlackFideId "4218078"]
[EventDate "2012.08.02"]

1. e4 c5 2. Nf3 d6 3. d4 cxd4 4. Nxd4 Nf6 5. Nc3 g6 6. g3 Nc6 7. Nde2 Bg7 8. Bg2
O-O 9. O-O Rb8 10. a4 a6 11. Nd5 Nd7 12. c3 b5 13. axb5 axb5 14. Nd4 Nxd4 15.
cxd4 Bb7 16. Nb4 Ra8 17. Be3 Qb6 18. Qd2 Rxa1 19. Rxa1 Rc8 20. b3 e6 21. h3 Qc7
22. Ra2 Nf6 23. Qd3 h6 24. d5 Rb8 25. Ra7 Qd8 26. dxe6 1-0

[Event "51st World Juniors"]
[Site "Athens GRE"]
[Date "2012.08.03"]
[Round "2.58"]
[White "Wu, Kevin"]
[Black "Stathopoulos, Ioannis"]
[Result "0-1"]
[WhiteElo "1905"]
[BlackElo "2216"]
[WhiteFideId "2609720"]
[BlackFideId "4223098"]
[EventDate "2012.08.02"]

1. e4 c5 2. Nf3 d6 3. d4 cxd4 4. Nxd4 Nf6 5. Nc3 a6 6. Be3 Ng4 7. Bg5 h6 8. Bh4
g5 9. Bg3 Bg7 10. Be2 h5 11. h3 h4 12. hxg4 hxg3 13. Rxh8+ Bxh8 14. fxg3 Nc6 15.
Nb3 Be5 16. Kf2 Qb6+ 17. Ke1 Bxg3+ 18. Kd2 Bf4+ 19. Ke1 Qe3 20. Qd3 Bg3+ 0-1

[Event "51st World Juniors"]
[Site "Athens GRE"]
[Date "2012.08.03"]
[Round "2.59"]
[White "Vasques, Antonio Pedro Freixial"]
[Black "Davis, Ashley J"]
[Result "1-0"]
[WhiteElo "2214"]
[BlackElo "1929"]
[WhiteFideId "1908332"]
[BlackFideId "407798"]
[EventDate "2012.08.02"]

1. e4 c5 2. Nc3 e6 3. Nf3 Nc6 4. d4 cxd4 5. Nxd4 Qc7 6. g3 a6 7. Bg2 Nf6 8. O-O
Be7 9. Re1 O-O 10. Nxc6 dxc6 11. e5 Nd5 12. Qg4 Rd8 13. Bd2 Nxc3 14. Bxc3 c5 15.
Be4 Rb8 16. a4 b6 17. Qe2 Bb7 18. Rad1 Bxe4 19. Qxe4 b5 20. b3 g6 21. Qe2 Qc6
22. axb5 axb5 23. Ra1 Rd7 24. Red1 Rbd8 25. Rxd7 Rxd7 26. Ra5 c4 27. bxc4 bxc4
28. h4 Bc5 29. h5 Kg7 30. Bd2 h6 31. Kh2 Bb6 32. Ra6 Qb5 33. Ra3 Rd5 34. hxg6
fxg6 35. Qf3 Rxd2 36. Qf6+ Kh7 37. Qf7+ Kh8 38. Ra8+ Rd8 39. Qf6+ Kh7 40. Qe7+
Kh8 41. Rxd8+ Bxd8 42. Qxd8+ Kg7 43. Qf6+ Kh7 44. Qf7+ Kh8 45. Qxe6 Qc5 46. Qf6+
Kh7 47. e6 Qh5+ 48. Qh4 Qc5 49. Kg1 Qd5 50. Qe7+ Kh8 51. Qe8+ 1-0

[Event "51st World Juniors"]
[Site "Athens GRE"]
[Date "2012.08.03"]
[Round "2.60"]
[White "Sreeves, Clement"]
[Black "Tsiros, Fragkiskos Vlasios"]
[Result "1-0"]
[WhiteElo "2191"]
[BlackElo "1897"]
[WhiteFideId "2402564"]
[BlackFideId "4228200"]
[EventDate "2012.08.02"]

1. e4 c5 2. Nf3 d6 3. d4 cxd4 4. Nxd4 Nf6 5. Nc3 a6 6. Be3 e5 7. Nb3 Be6 8. Qd2
Nbd7 9. O-O-O Rc8 10. Kb1 Be7 11. f4 b5 12. f5 Bc4 13. g4 h6 14. Qg2 Qc7 15. h4
b4 16. Nd5 Nxd5 17. exd5 Nb6 18. Bxc4 Nxc4 19. Bc1 a5 20. g5 a4 21. Na1 hxg5 22.
hxg5 Rxh1 23. Rxh1 Qd8 24. f6 gxf6 25. Rh8+ Bf8 26. g6 fxg6 27. Qxg6+ Kd7 28.
Rh7+ Be7 29. Qf5+ Kc7 30. Qxf6 1-0

[Event "51st World Juniors"]
[Site "Athens GRE"]
[Date "2012.08.03"]
[Round "2.61"]
[White "Cajahuanca Ramirez, Olindo"]
[Black "Aghayev, Miragha"]
[Result "0-1"]
[WhiteElo "1856"]
[BlackElo "2187"]
[WhiteFideId "3811530"]
[BlackFideId "818070"]
[EventDate "2012.08.02"]

1. e4 c5 2. Nf3 d6 3. d4 cxd4 4. Nxd4 Nf6 5. Nc3 a6 6. Bg5 e6 7. f4 Be7 8. Qf3
Qc7 9. O-O-O Nbd7 10. g4 b5 11. a3 Bb7 12. Bxf6 Nxf6 13. g5 Nd7 14. h4 O-O-O 15.
Rh3 Kb8 16. Qe3 Rc8 17. Kb1 Nb6 18. Bxb5 axb5 19. Ncxb5 Nc4 20. Qe1 Qa5 21. Rc3
Qa6 22. Rb3 Ka8 23. Nc3 Rc5 24. Rb4 Kb8 25. Nb3 Rc7 26. Rd4 Nb6 27. Rb5 Rc5 28.
Nxc5 dxc5 29. Rd1 Bc6 30. Rb3 c4 31. Rb4 Bxb4 32. axb4 Nc8 33. e5 Qb7 34. Na2
Qe7 35. Rd4 Bd5 36. c3 Kc7 37. Nc1 Nb6 38. Ne2 Ra8 0-1

[Event "51st World Juniors"]
[Site "Athens GRE"]
[Date "2012.08.03"]
[Round "2.62"]
[White "Papasimakopoulos, Vasilios"]
[Black "Edwards, Jonathan"]
[Result "1-0"]
[WhiteElo "1820"]
[BlackElo "2170"]
[WhiteFideId "4244141"]
[BlackFideId "2402912"]
[EventDate "2012.08.02"]

1. d4 d5 2. c4 e6 3. Nc3 Nf6 4. cxd5 exd5 5. Bg5 Be7 6. Qc2 c6 7. e3 Nbd7 8. Bd3
h6 9. Bh4 O-O 10. Nf3 Re8 11. O-O b6 12. Rac1 Bb7 13. Rfd1 a6 14. Bf5 c5 15.
dxc5 bxc5 16. Na4 c4 17. b3 g5 18. Bg3 Ba3 19. Rb1 Rc8 20. bxc4 Rxc4 21. Qd2 Bc6
22. Nb2 Ne4 23. Bxe4 Rexe4 24. Nxc4 Rxc4 25. Nd4 Ba4 26. Nb3 Nf6 27. Be5 d4 28.
Bxd4 Ng4 29. Qe2 Qc8 30. h3 1-0

[Event "51st World Juniors"]
[Site "Athens GRE"]
[Date "2012.08.03"]
[Round "2.63"]
[White "Koutoukidis, Panagiotis"]
[Black "Hatzoudis, Gerasimos"]
[Result "1/2-1/2"]
[WhiteElo "2167"]
[BlackElo "1843"]
[WhiteFideId "4244702"]
[BlackFideId "4221370"]
[EventDate "2012.08.02"]

1. e4 c5 2. Nf3 d6 3. d4 cxd4 4. Nxd4 Nf6 5. Nc3 a6 6. Be3 Ng4 7. Bc1 Nf6 8. Qf3
g6 9. h3 Bg7 10. Be3 h5 11. O-O-O Nbd7 12. Kb1 Qc7 13. Nd5 Nxd5 14. exd5 Ne5 15.
Qe2 b5 16. Qe1 Bb7 17. f4 Nc4 18. f5 Nxe3 19. Qxe3 g5 20. Nf3 Rc8 21. Bd3 Bxd5
22. Nxg5 Qa5 23. a3 b4 24. Be4 Bc4 25. Rhe1 Qe5 26. Qc1 Qa5 27. Qe3 Qe5 28. Qc1
Qc5 29. a4 b3 30. cxb3 Bxb3 31. Qxc5 Rxc5 32. Rc1 Rxc1+ 33. Rxc1 Bxa4 34. Bc6+
Bxc6 35. Rxc6 O-O 36. Rxa6 Rb8 37. Ra2 Rb5 38. Ra8+ Bf8 39. f6 exf6 40. Nf3 Kg7
41. Rd8 f5 42. Kc2 1/2-1/2

[Event "51st World Juniors"]
[Site "Athens GRE"]
[Date "2012.08.03"]
[Round "2.64"]
[White "Panagos, Theodoros"]
[Black "Jefic, Srdjan"]
[Result "1/2-1/2"]
[WhiteElo "1768"]
[BlackElo "2165"]
[WhiteFideId "4236955"]
[BlackFideId "14403080"]
[EventDate "2012.08.02"]

1. e4 c5 2. c3 d5 3. exd5 Qxd5 4. d4 Nc6 5. Nf3 Bg4 6. Be2 e6 7. O-O cxd4 8.
cxd4 Nf6 9. Nc3 Qd6 10. Be3 Be7 11. h3 Bh5 12. Qd2 O-O 13. Bf4 Qd8 14. Rfd1 Nb4
15. Ne5 Bxe2 16. Qxe2 Nbd5 17. Nxd5 Qxd5 18. Be3 Rfd8 19. a3 Rac8 20. Rac1 Bd6
21. Nf3 h6 22. Qe1 Qb3 23. Rxc8 Rxc8 24. Rc1 Rd8 25. Qc3 Qxc3 26. Rxc3 Nd5 27.
Rc2 f6 28. Kf1 Kf7 29. Nd2 Ke7 30. Nb3 b6 31. Ke2 h5 32. Kf3 Kd7 33. Nd2 Rg8 34.
Ne4 g5 35. Nxd6 Kxd6 36. b4 b5 37. Rc5 a6 38. a4 Rb8 39. axb5 Rxb5 40. Rxb5 axb5
41. Bd2 Nb6 42. Ke4 Nc4 43. Bc1 Nb6 44. g4 hxg4 45. hxg4 Nd5 46. Bd2 Ne7 47. f3
Ng6 48. Be1 Ne7 49. Bg3+ Kc6 50. Be1 Nd5 51. Bd2 Kd6 52. Be1 Ne7 53. Bg3+ Kd7
54. Be1 Kc6 55. Bg3 Kd7 56. Be1 Nd5 57. Bd2 Ke7 58. Kd3 Kd6 59. Ke4 Ne7 60. Be1
f5+ 61. Kd3 Kd5 62. Bd2 f4 63. Be1 Ng6 64. Bf2 Nh8 65. Be1 Nf7 66. Bf2 Nd6 67.
Bg1 Nc4 68. Bf2 Nb2+ 69. Kc2 Na4 70. Kd3 Nb6 71. Bg1 Nc8 72. Bf2 Ne7 73. Be1 Nc6
74. Bc3 Ne7 75. Be1 Ng6 76. Bf2 e5 77. dxe5 Nxe5+ 78. Ke2 Kc4 79. Bc5 Nc6 80.
Bf8 Nxb4 81. Bh6 Nd5 82. Bxg5 b4 83. Kd2 b3 84. Bh6 Nc3 85. Kc1 Ne2+ 86. Kb2 Nd4
87. Bxf4 Nxf3 88. g5 Nxg5 1/2-1/2

[Event "51st World Juniors"]
[Site "Athens GRE"]
[Date "2012.08.04"]
[Round "3.1"]
[White "Indjic, Aleksandar"]
[Black "Yu, Yangyi"]
[Result "0-1"]
[WhiteTitle "IM"]
[BlackTitle "GM"]
[WhiteElo "2481"]
[BlackElo "2635"]
[WhiteFideId "911925"]
[BlackFideId "8603820"]
[EventDate "2012.08.02"]

1. d4 Nf6 2. c4 e6 3. Nf3 b6 4. g3 Ba6 5. b3 b5 6. Bg2 bxc4 7. Ne5 Bb4+ 8. Bd2
cxb3 9. Bxb4 b2 10. Nc3 bxa1=Q 11. Qxa1 d5 12. Qc1 c5 13. Bxc5 Nbd7 14. Bb4 Qb6
15. a3 Qxd4 16. Nxd7 Nxd7 17. O-O Rc8 18. Rd1 Qe5 19. f4 Qc7 20. Qa1 Nf6 21. e4
Qb6+ 22. Kh1 Ng4 23. h3 Nf2+ 24. Kh2 Nxd1 25. Nxd5 exd5 26. Qxg7 Ne3 27. Qxh8+
Kd7 28. Qxh7 Rc2 29. Qxf7+ Kc8 30. Bd2 Rxd2 31. Qf8+ Kb7 32. Qe7+ Kb8 0-1

[Event "51st World Juniors"]
[Site "Athens GRE"]
[Date "2012.08.04"]
[Round "3.2"]
[White "Urkedal, Frode"]
[Black "Ipatov, Alexander"]
[Result "0-1"]
[WhiteTitle "IM"]
[BlackTitle "GM"]
[WhiteElo "2473"]
[BlackElo "2577"]
[WhiteFideId "1506102"]
[BlackFideId "14116731"]
[EventDate "2012.08.02"]

1. Nf3 d5 2. d4 Nf6 3. c4 c6 4. Nc3 dxc4 5. a4 Bf5 6. Ne5 Na6 7. e3 Nb4 8. Bxc4
e6 9. O-O Bd6 10. Qe2 h6 11. e4 Bh7 12. Rd1 O-O 13. Bf4 Qc7 14. Rac1 a6 15. Qf3
c5 16. Bb3 Nc6 17. Nxc6 Bxf4 18. e5 Bxc1 19. exf6 Qxc6 20. d5 Qb6 21. fxg7 Rfd8
22. dxe6 Rxd1+ 23. Qxd1 fxe6 24. a5 Qb4 25. Bxe6+ Kxg7 26. Qxc1 Re8 27. Bd5 Qxb2 0-1

[Event "51st World Juniors"]
[Site "Athens GRE"]
[Date "2012.08.04"]
[Round "3.3"]
[White "Ter-Sahakyan, Samvel"]
[Black "Valsecchi, Alessio"]
[Result "1-0"]
[WhiteTitle "GM"]
[BlackTitle "IM"]
[WhiteElo "2567"]
[BlackElo "2427"]
[WhiteFideId "13302531"]
[BlackFideId "818860"]
[EventDate "2012.08.02"]

1. e4 e5 2. Nf3 Nc6 3. Bb5 a6 4. Ba4 Nf6 5. O-O b5 6. Bb3 Bc5 7. c3 d6 8. a4 Rb8
9. axb5 axb5 10. d4 Bb6 11. Qd3 O-O 12. Bg5 h6 13. Bh4 g5 14. Bg3 Nh5 15. Qxb5
Bd7 16. Qd3 g4 17. Nh4 Qg5 18. Ba4 Nxg3 19. hxg3 exd4 20. cxd4 Qf6 21. Nc3 Bxd4
22. Nd5 Qe5 23. Bxc6 Bxc6 24. Nf5 Bxd5 25. exd5 Bxb2 26. Nxh6+ Kg7 27. Nf5+ Kh8
28. Ra4 Rg8 29. Nh6 Qh5 30. Nxg8 Rxg8 31. Qc2 Be5 32. Qxc7 Qf5 33. Qe7 Rg5 34.
Qf8+ Kh7 35. Ra8 Qf6 36. Ra7 Rf5 37. Qe7 Qh6 38. Rd1 Bd4 39. Rxd4 Qc1+ 40. Kh2
Rh5+ 41. Qh4 Rxh4+ 42. gxh4 1-0

[Event "51st World Juniors"]
[Site "Athens GRE"]
[Date "2012.08.04"]
[Round "3.4"]
[White "Pavlidis, Antonios"]
[Black "Salem, A.R. Saleh"]
[Result "0-1"]
[WhiteTitle "IM"]
[BlackTitle "GM"]
[WhiteElo "2466"]
[BlackElo "2546"]
[WhiteFideId "4212312"]
[BlackFideId "9301348"]
[EventDate "2012.08.02"]

1. e4 c5 2. Nf3 Nc6 3. d4 cxd4 4. Nxd4 Nf6 5. Nc3 e5 6. Ndb5 d6 7. Bg5 a6 8. Na3
b5 9. Bxf6 gxf6 10. Nd5 f5 11. c3 Bg7 12. exf5 Bxf5 13. Nc2 O-O 14. Nce3 Be6 15.
Bd3 f5 16. O-O Ra7 17. Bc2 Kh8 18. a4 b4 19. Nxb4 Nxb4 20. cxb4 d5 21. Bb3 f4
22. Nc2 f3 23. g3 Qd7 24. Re1 Bg8 25. Qd3 e4 26. Qf1 Rc7 27. Rad1 d4 28. Bxg8
Rxc2 29. Ba2 Rxb2 30. Bb1 e3 31. Rxe3 Rxb1 32. Rxf3 Rxf3 33. Rxb1 d3 34. b5 axb5
35. axb5 Bd4 36. b6 Rxf2 37. Qxf2 Bxf2+ 38. Kxf2 Qf7+ 39. Kg1 Qa2 0-1

[Event "51st World Juniors"]
[Site "Athens GRE"]
[Date "2012.08.04"]
[Round "3.5"]
[White "Baron, Tal"]
[Black "Huschenbeth, Niclas"]
[Result "1-0"]
[WhiteTitle "GM"]
[BlackTitle "GM"]
[WhiteElo "2451"]
[BlackElo "2532"]
[WhiteFideId "2809958"]
[BlackFideId "24604747"]
[EventDate "2012.08.02"]

1. d4 Nf6 2. c4 e6 3. Nc3 Bb4 4. Qc2 O-O 5. e4 d5 6. e5 Ne4 7. a3 Bxc3+ 8. bxc3
c5 9. Bb2 cxd4 10. cxd4 Qa5+ 11. Ke2 f5 12. f3 Ng5 13. Kf2 Nc6 14. h4 Nf7 15.
Bc3 Qd8 16. cxd5 Qxd5 17. Ne2 Qd7 18. Qa2 Rd8 19. a4 Qc7 20. Qc4 Bd7 21. g3 Rac8
22. Qc5 b6 23. Qa3 Be8 24. Nf4 Bd7 25. Ba6 Ncxe5 26. dxe5 Qxc3 27. Bxc8 Rxc8 28.
Qxc3 Rxc3 29. Ne2 Rc2 30. f4 Nh6 31. Rhd1 Ng4+ 32. Ke1 Be8 33. Rac1 Bxa4 34.
Rxc2 Bxc2 35. Rd8+ Kf7 36. Rd7+ Kg6 37. Nd4 Be4 38. Nxe6 a5 39. Rxg7+ Kh6 40.
Ra7 1-0

[Event "51st World Juniors"]
[Site "Athens GRE"]
[Date "2012.08.04"]
[Round "3.6"]
[White "Debashis, Das"]
[Black "Grover, Sahaj"]
[Result "0-1"]
[WhiteTitle "IM"]
[BlackTitle "IM"]
[WhiteElo "2446"]
[BlackElo "2516"]
[WhiteFideId "5024854"]
[BlackFideId "5021103"]
[EventDate "2012.08.02"]

1. d4 Nf6 2. c4 e6 3. Nc3 Bb4 4. Qc2 O-O 5. a3 Bxc3+ 6. Qxc3 d5 7. Bg5 h6 8. Bh4
c5 9. dxc5 g5 10. Bg3 Ne4 11. Qc2 Na6 12. b4 Naxc5 13. f3 Qf6 14. Rc1 Nxg3 15.
hxg3 Nd7 16. e3 a5 17. Ne2 axb4 18. axb4 Ne5 19. Nc3 Rd8 20. Be2 dxc4 21. Ne4
Qg7 22. Bxc4 Bd7 23. O-O Rac8 24. Qb3 Bc6 25. Nf2 b5 26. Be2 Bd5 27. Rxc8 Rxc8
28. Qd1 Nc4 29. Bxc4 bxc4 30. e4 Bc6 31. Ng4 h5 32. Nf2 c3 33. Qc2 Qd4 34. Rb1
Bb5 35. Kh2 Qd2 36. Qc1 f6 37. Qg1 c2 38. Rc1 Qxb4 39. e5 f5 40. Nh3 Qd2 41. f4
g4 42. Ng5 h4 43. Nxe6 Rc3 0-1